书目信息 |
| 题名: |
砖石结构件计算
|
|
| 作者: | 陆能源 编 | |
| 分册: | ||
| 出版信息: | 北京 中国建筑工业出版社 1982.12 |
|
| 页数: | 144 | |
| 开本: | 32 | |
| 丛书名: | ||
| 单 册: | ||
| 中图分类: | TU209 | |
| 科图分类: | ||
| 主题词: | ||
| 电子资源: | ||
| ISBN: | ||
| 000 | 00523nam0 2200193 45 | |
| 001 | 0181011592 | |
| 005 | 20060605092928.96 | |
| 010 | @dCNY0.40 | |
| 100 | @a20810111d km y0chiy0120 ea | |
| 101 | 0 | @achi |
| 105 | @a z 000yy | |
| 200 | 1 | @Azhuan shi jie gou jian ji suan@Flu neng yuan@a砖石结构件计算@f陆能源等编 |
| 205 | @a2版 | |
| 210 | @a北京@c中国建筑工业出版社@d1982.12 | |
| 215 | @a144@c无图表@d32 | |
| 690 | @aTU209 | |
| 701 | 0 | @a陆能源@4编 |
| 801 | @aCN@bTSTC@c20060605 | |
| 905 | @dTU209@e22=2@f5@b98526-30 | |
| 砖石结构件计算/陆能源等编.-2版.-北京:中国建筑工业出版社,1982.12 |
| 144:无图表;32 |
| ISBN :CNY0.40 |
| ● |
| 相关链接 |
|
|
|
|
正题名:砖石结构件计算
索取号:TU209/22=2
 
预约/预借
| 序号 | 登录号 | 条形码 | 馆藏地/架位号 | 状态 | 备注 |
| 1 | 0098530 | 202193090 | 密集书库/ [索取号:TU209/22=2] | 在馆 |